Συμβουλευτική και Συμβουλευτική Ψυχολογία / Η Θεωρία της, η Πράξη της, οι Εφαρμογές της (Record no. 131)
[ view plain ]
| 000 -LEADER | |
|---|---|
| fixed length control field | 01853cam a22002054a 4500 |
| 005 - ΗΜΕΡΟΜΗΝΙΑ ΚΑΙ ΩΡΑ ΤΕΛΕΥΤΑΙΑΣ ΕΝΗΜΕΡΩΣΗΣ | |
| Πεδίο ελέγχου | 20250605163924.0 |
| 008 - FIXED-LENGTH DATA ELEMENTS--GENERAL INFORMATION | |
| Πεδίο ελέγχου σταθερού μήκους | 250528s ||||||||||||||||||||||||d |
| 035 ## - SYSTEM CONTROL NUMBER | |
| System control number | 14502 |
| 020 ## - ISBN | |
| ISBN | 9602223340 |
| 040 ## - ΠΗΓΗ ΚΑΤΑΛΟΓΟΓΡΑΦΗΣΗΣ | |
| Φορέας πρωτότυπης καταλογογράφησης | MC Athens Campus Library |
| Γλώσσα καταλογογράφησης | Ελληνικά, Μοντέρνα (1453-) |
| Modifying agency | MC Athens Campus Library |
| Κανόνες περιγραφικής καταλογογράφησης | AACR2 |
| 245 1# - ΤΙΤΛΟΣ ΚΑΙ ΔΗΛΩΣΗ ΥΠΕΥΘΥΝΟΤΗΤΑΣ | |
| Τίτλος | Συμβουλευτική και Συμβουλευτική Ψυχολογία / Η Θεωρία της, η Πράξη της, οι Εφαρμογές της |
| 250 ## - EDITION STATEMENT | |
| Edition statement | 2η |
| 260 ## - PUBLICATION, DISTRIBUTION, ETC. | |
| Name of publisher, distributor, etc. | Γρηγόρης, |
| Date of publication, distribution, etc. | 1993 |
| 300 ## - PHYSICAL DESCRIPTION | |
| Extent | 312 |
| 520 ## - SUMMARY, ETC. | |
| Summary, etc. | Πρόλογος, Εισαγωγή στη Συμβουλευτική, Έννοια και Θέση της Συμβουλευτικής, Θεωρητικό Υπόβαθρο της Συμβουλευτικής, Βασικές Θεωρίες Συμβουλευτικής, Συμπληρωματικά Συστήματα και Τάσεις της Συμβουλευτικής, Προς μια Δυναμική Εκλεκτική Εξελικτική Συμβουλευτική, Το Μέλλον της Θεωρίας της Συμβουλευτικής, Η Συμβουλευτική Σχέση και ο Σύμβουλος, Η Ατομική Συμβουλευτική Συνέντευξη, Ο Λειτουργός Συμβουλευτικής, Γενικές Μεθοδολογικές Προσεγγίσεις στη Συμβουλευτική, Η Ατομική Συμβουλευτική, Η Ομαδική Συμβουλευτική, Ειδικές Μεθόδοι/ Τεχνικές και Δεξιότητες στη Συμβουλευτική, Οι Ειδικές Τεχνικές - Δεξιότητες, Η Αξιολόγηση της Συμβουλευτικής, Βιβλιογραφικές Αναφορές. |
| 700 1# - ΠΡΟΣΘΕΤΗ ΑΝΑΓΡΑΦΗ--ΦΥΣΙΚΟ ΠΡΟΣΩΠΟ | |
| Personal name | Δημητροπουλος Ευσταθιος Γ |
| 9 (RLIN) | 200 |
| 942 ## - ADDED ENTRY ELEMENTS (KOHA) | |
| Koha item type | Books |
| Τύπος τεκμηρίου | Βιβλιοθήκη | Τρέχουσα τοποθεσία | Barcode | Αριθμός εισαγωγής | Ημερομηνία απόκτησης | Ταξιθετικό σύμβολο | Αριθμός αντιτύπου | Κατάσταση απόσυρσης | Κατάσταση χαμένου | Κατάσταση κατεστραμμένου | Μη δανεισμός | Σύνολο δανεισμών | Ημερομηνία τελευταίας εμφάνισης | Η τιμή ισχύει από |
|---|---|---|---|---|---|---|---|---|---|---|---|---|---|---|
| Books | MC Athens Campus Library | MC Athens Campus Library | 9780000001306 | 1329 | 05/06/2025 | 158.3 DIM | 1 | 05/06/2025 | 05/06/2025 |